| 000 | 00394pab a2200157 454500 | ||
|---|---|---|---|
| 008 | 180718b2003 xxu||||| |||| 00| 0 eng d | ||
| 100 | _aPlant, Raymond | ||
| 245 | _aA public service ethic and political accountability | ||
| 260 | _c2003 | ||
| 300 | _ap.560-79. | ||
| 362 | _aOct | ||
| 650 | _aAccountability | ||
| 650 | _aCivil service | ||
| 773 | _aParliamentary Affairs | ||
| 909 | _a58695 | ||
| 999 |
_c58695 _d58695 |
||